|
|
|
|
| LEADER |
00000ny a22000003n 4500 |
| 005 |
20110509123450.0 |
| 008 |
080814s1996 be qr s 000 b0fre c |
| 035 |
|
|
|a 2209
|
| 040 |
|
|
|a UMA.RE
|d vlex
|
| 080 |
|
|
|a 351.713(493)(051)(0.034):004
|
| 090 |
|
|
|c 1441
|d 1441
|
| 245 |
3 |
0 |
|a Articles de droit fiscal
|h [Recurso electrn̤ico]
|
| 256 |
|
|
|a Servicio en ln̕ea
|
| 260 |
|
|
|a Bruxelles :
|b IDEFISC
|
| 310 |
|
|
|a Trimestral
|
| 500 |
|
|
|a IDEFISC, es una asociaciâon internacional con fines cientâificos, formada principalmente por abogados y profesores universitarios que imparten esta materia. Su objetivo es difundir los âultimos acontecimientos acaecidos en la legislaciâon belga, y prestar asesoramiento fiscal a cualquier ciudadano que lo solicite
|
| 506 |
1 |
|
|a Contenido solo disponible en los productos indicados
|d vLex Global
|d vLex Global (Academic Edition, excluding Law Schools)
|d vLex Global (U.S. Academic Edition, Law Schools)
|d vLex Global (U.S. Academic Edition, excluding Law Schools)
|d vLex Global (Academic Edition, Law Schools)
|
| 650 |
0 |
4 |
|a Derecho fiscal
|x Bľgica
|x Publicaciones perid̤icas
|
| 710 |
2 |
|
|a IDEFISC
|
| 740 |
0 |
|
|a vLex Revista (Servicios en ln̕ea)
|
| 853 |
|
|
|8 1
|i (year)
|j (month)
|k (day)
|
| 856 |
4 |
0 |
|u http://vlex.com/source/2209
|z Acceso restringido
|
| 942 |
|
|
|c REV
|